| 000 | 00969nam a2200241Ia 4500 | ||
|---|---|---|---|
| 999 |
_c40755 _d40755 |
||
| 003 | GCL | ||
| 005 | 20240530103552.0 | ||
| 008 | 140319s1966 ua 000 0 ara d | ||
| 040 |
_aGCL / _cGCL |
||
| 082 | 0 | 4 |
_a937/ _bت ف |
| 100 | 1 | _aتوينبى، ارنولد | |
| 245 | 1 | 2 |
_aالفكر التاريخى عند الاغريق / _cتاليف ارنولد توينبى ؛ ترجمة لمعى المطيعى ؛ مراجعة محمد صقر خفاجة |
| 260 |
_aالقاهرة : _bمكتبة الانجلو المصرية، _c1966. |
||
| 300 |
_a258 ص. ؛ _c24 سم. |
||
| 490 | 0 |
_aالالف كتاب ؛ _v567. |
|
| 650 | 0 | 7 |
_2qrmak _aالروم |
| 650 | 0 | 7 |
_2qrmak _aاليونانيون |
| 651 | 0 | 7 |
_2qrmak _aاليونان القديمة |
| 651 | 0 | 7 |
_2qrmak _aالامبراطورية الرومانية _xالاحوال الثقافية |
| 700 | 0 |
_aلمعى المطيعى _eمترجم |
|
| 700 | 0 |
_aمحمد صقر خفاجة _eمراجع |
|
| 942 |
_2ddc _cBK |
||